Một số vấn đề về dân tộc học Việt Nam
Sách tuyển chọn và giới thiệu một số nghiên cứu về dân tộc học Việt Nam, về xã hội nguyên thủy, về văn hóa các dân tộc ở Việt Nam, về sự phát triển của văn hóa, về quá trình phát triển tộc người và mối quan hệ giữa các dân tọ...
Na minha lista:
| Autor principal: | |
|---|---|
| Formato: | Livro |
| Idioma: | Undetermined |
| Publicado em: |
Hà Nội
Nxb. Đại học Quốc gia Hà Nội
2018
|
| Assuntos: | |
| Tags: |
Adicionar Tag
Sem tags, seja o primeiro a adicionar uma tag!
|
| Thư viện lưu trữ: | Trung tâm Học liệu Trường Đại học Cần Thơ |
|---|
| LEADER | 01103nam a2200217Ia 4500 | ||
|---|---|---|---|
| 001 | CTU_238841 | ||
| 008 | 210402s9999 xx 000 0 und d | ||
| 020 | |c 300000 | ||
| 082 | |a 305.89597 | ||
| 082 | |b D124 | ||
| 100 | |a Phan, Hữu Dật | ||
| 245 | 0 | |a Một số vấn đề về dân tộc học Việt Nam | |
| 245 | 0 | |c Phan Hữu Dật | |
| 260 | |a Hà Nội | ||
| 260 | |b Nxb. Đại học Quốc gia Hà Nội | ||
| 260 | |c 2018 | ||
| 520 | |a Sách tuyển chọn và giới thiệu một số nghiên cứu về dân tộc học Việt Nam, về xã hội nguyên thủy, về văn hóa các dân tộc ở Việt Nam, về sự phát triển của văn hóa, về quá trình phát triển tộc người và mối quan hệ giữa các dân tộc, cũng như về Việt Nam và Đông Nam Á | ||
| 650 | |a Dân tộc học,Ethnology | ||
| 650 | |z Việt Nam,Vietnam,Việt Nam,Vietnam | ||
| 910 | |b nthai | ||
| 980 | |a Trung tâm Học liệu Trường Đại học Cần Thơ | ||